| 000 -LEADER |
| fixed length control field |
00741nam a22002537a 4500 |
| 003 - CONTROL NUMBER IDENTIFIER |
| control field |
OSt |
| 005 - DATE AND TIME OF LATEST TRANSACTION |
| control field |
20260122160309.0 |
| 008 - FIXED-LENGTH DATA ELEMENTS--GENERAL INFORMATION |
| fixed length control field |
231205b ||||| |||| 00| 0 eng d |
| 020 ## - INTERNATIONAL STANDARD BOOK NUMBER |
| International Standard Book Number |
9789810727161 |
|
| International Standard Book Number |
9789810820619 |
|
| International Standard Book Number |
9558129771 |
| 040 ## - CATALOGING SOURCE |
| Transcribing agency |
SSBUL |
| 082 ## - DEWEY DECIMAL CLASSIFICATION NUMBER |
| Classification number |
294.375 |
| Edition number |
23 |
| Item number |
Dh |
| 100 1# - MAIN ENTRY--PERSONAL NAME |
| Personal name |
Dhammika, Shravasti, |
| Dates associated with a name |
1951- |
| 9 (RLIN) |
34035 |
| 245 10 - TITLE STATEMENT |
| Title |
Good question, good answer / |
| Statement of responsibility, etc. |
Shravasti Dhammika |
| 250 ## - EDITION STATEMENT |
| Edition statement |
25th ed. |
| 260 ## - PUBLICATION, DISTRIBUTION, ETC. |
| Place of publication, distribution, etc. |
Singapore |
| Name of publisher, distributor, etc. |
Buddha Dhamma Manadala Society |
| Date of publication, distribution, etc. |
2012, 2016 |
| 300 ## - PHYSICAL DESCRIPTION |
| Extent |
87 pages ; |
| Dimensions |
21 cm |
| 500 ## - GENERAL NOTE |
| General note |
Prof. Nicola Tannenbaum<br/><br/> |
|
| General note |
S-SAT: Dr. Prof Sai Aung Tun |
| 650 ## - SUBJECT ADDED ENTRY--TOPICAL TERM |
| Topical term or geographic name entry element |
Buddhism |
| 9 (RLIN) |
34036 |
|
| Topical term or geographic name entry element |
Buddhism |
| General subdivision |
Questions and answers |
| 9 (RLIN) |
34037 |
| 942 ## - ADDED ENTRY ELEMENTS (KOHA) |
| Koha item type |
Book (Short term) |
| Source of classification or shelving scheme |
|